A szükséges hiány - a zsidóság elfelejtésének traumatikus motívuma Fejes Endre Rozsdatemető című regényében [absztrakt] /

Elmentve itt :
Bibliográfiai részletek
Szerző: Venyercsán Dávid
Testületi szerző: IV. Móra Interdiszciplináris Kárpát-medencei Szakkollégiumi Konferencia
További közreműködők: Fejes Endre
Dokumentumtípus: Könyv része
Megjelent: 2021
Sorozat:Móra Kárpát-medencei Interdiszciplináris Szakkollégiumi Konferencia 4
Kulcsszavak:Magyar irodalom története - előadáskivonat, Műelemzés - magyar - előadáskivonat
Tárgyszavak:
Online Access:http://acta.bibl.u-szeged.hu/83230
LEADER 01023naa a2200217 i 4500
001 acta83230
005 20240122124914.0
008 240122s2021 hu o 100 hun d
040 |a SZTE Egyetemi Kiadványok Repozitórium  |b hun 
041 |a hun 
100 1 |a Venyercsán Dávid 
245 1 2 |a A szükséges hiány - a zsidóság elfelejtésének traumatikus motívuma Fejes Endre Rozsdatemető című regényében   |h [elektronikus dokumentum] :  |b [absztrakt] /  |c  Venyercsán Dávid 
260 |c 2021 
300 |a 65-66 
490 0 |a Móra Kárpát-medencei Interdiszciplináris Szakkollégiumi Konferencia  |v 4 
650 4 |a Bölcsészettudományok 
650 4 |a Nyelvek és irodalom 
695 |a Magyar irodalom története - előadáskivonat, Műelemzés - magyar - előadáskivonat 
700 0 1 |a Fejes Endre 
711 |a IV. Móra Interdiszciplináris Kárpát-medencei Szakkollégiumi Konferencia  |c Szeged  |d 2021. március 19-20. 
856 4 0 |u http://acta.bibl.u-szeged.hu/83230/1/morakonf_2021_marc_065-066.pdf  |z Dokumentum-elérés